000 01854nam a2200325 4500
001 0000100122
005 20250329165434.0
008 190730s2019 000 0 eng d
040 _aCO-CtgCURN
_bspa
_ccoctgcurn
041 0 _aspa
082 0 _aENF 2019
_bE775
100 1 _aEspinosa Gómez, Dina Luz.
245 1 0 _aCondiciones demográficas, biológicas y ambientales de las mujeres privadas de la libertad de la carcel distrital de Cartagena - Colombia 2019 :
_b2019 /
_cDiana Paola Bru Solano; Ana Aliria Culma Vargas; Dina Luz Espinosa Gómez; Lina Maria Muñoz Madero; Asesoras Kendy Madero Zambrano; Zorayda Barros Puerta.
260 _aCartagena de Indias :
_bCorporación Universitaria Rafael Núñez,
_c2019.
300 _a167 Hojas.
336 _2rdacontent
_atext
_btxt
337 _2rdacarrier
_asin mediacion
_bn
338 _2rdacarrier
_avolumen
_bnc
502 _aTrabajo de grado (Enfermeria). Corporacion Universitaria Rafael Nuñez. Facultad de Ciencias de la salud. Enfermeria, 2019.
520 _aLas condiciones de la reclusión en cárceles son difíciles precisamente por la disrupción que implican en cuanto al modo en que transcurre la vida cotidiana antes del encarcelamiento; esto genera implicaciones a nivel demográfico, biológico y ambiental.
650 0 _aEnfermeria
_vTesis y disertaciones academicas.
700 1 _aBru Solano, Diana Paola.
700 1 _aCulma Vargas, Ana Liria.
700 1 _aMuñoz Madero, Lina Maria.
700 1 _aMadero Zambrano, Kendy,
_eAsesora.
700 1 _aBarrios Puerta, Zorayda,
_eAsesora.
856 _uhttps://unicurn.sharepoint.com/:b:/s/biblioteca/ER-dlVn5OlBGtwvBUiOiSZYB_ELtIGjTYtM4f_68z2il3g?e=veiJtH
_zClick aqui para ver el recurso en texto completo
942 _cTG
_hENF 2019
_iE775
999 _c4032
_d4032